000 01321nam0a2200337 4500
001 RU\NLR\BIBL_A\012574303
005 20220805103243.0
010 _a978-5-00171-390-6
_9100
021 _aRU
_bКН-П-21-021454
_9КН-П-21-1670
035 _a(NLR Aleph) 012574303
090 _a12501167
_c12501167
100 _a20210803d2020 u y0rusy50 ca
101 0 _arus
102 _aRU
105 _a z 000 y
181 0 _ai
_baxxe
182 0 _an
200 1 _aТак кто тут хомо сапиенс?!..
_eрассказы о животных
_fОльга Карагодина
_gпод редакцией Елены Степановой
203 _aТекст
_bвизуальный
_cнепосредственный
210 _aМосква
_cПеро
_d2020
215 _a403, [1] с.
_cил.
_d22
320 _aДр. кн. авт. на 4-й с. обл.
327 1 _aСодерж.: разделы: О собаках; О кошках; О птицах; О больших и малых созданиях; Сказки; О животных в стихах
686 2 _aШ6(2=Р)8-440.5
700 1 _aКарагодина
_bО. Г.
_f1962-
_gОльга Геннадьевна
942 _cBOOK
980 _aNBR
980 _aNB